000 00771nam a2200241Ia 4500
003 OSt
005 20220923224336.0
006 a|||||r|||| 00| 0
007 ta
008 Pun
024 _a231,458
037 _cTextual
040 _aARTS
_cARTS
_bPun
041 _2Pun
_aPun
082 _aO1530c2,3:g, L7
100 _aਧੀਜ਼ਗੜਾ ਮਹਿੰਦਰ
245 0 _aਪੰਜਾਬੀ ਹਿੰਦੀ ਕਹਾਣੀ
_b ਤੁਲਨਾਤਮਕ ਅਧਿਐਨ
260 _aਨਵੀਜ਼ ਦਿੱਲੀ
_b ਪੁFਪ ਪ੍ਰਕਾFਨ
_c1977
300 _a295ਪੰ
_ccm.
650 _aਪੰਜਾਬੀ ਸਾਹਿਤ
942 _hO1530c2,3:g, L7
_cTEXL
_2CC
999 _c370808
_d370808